| 000 | 01410nam a2200253Ii 4500 | ||
|---|---|---|---|
| 003 | JO-AjNU | ||
| 005 | 20240624102914.0 | ||
| 008 | 230605s9999||||xx |||||||||||||| ||und|| | ||
| 040 |
_aJO-AjNU _bara _erda _cJO-AjNU |
||
| 041 | _aara | ||
| 050 | 1 | 4 | _aBP173.758.2018 |
| 100 | 1 |
_aالمومني، محمد عبدالله _eمعد _965515 |
|
| 245 | 0 | 0 |
_aدور الرقابه في تعزيز الاداء المالي في البنوك الاسلاميه الاردنيه (دراسه ميدانيه)=The Role Of Control in Enhancing The Financial Performance In Islamic Banks In Jordan / _cاعداد محمد عبدالله المومني؛ اشراف محي الدين يعقوب ابو الهول، مهند محمد العبيني |
| 264 | 3 | 1 | _a2018 |
| 300 | _a116 ورقة | ||
| 336 |
_atext _btxt _2rdacontent |
||
| 337 |
_aunmediated _bn _2rdamedia |
||
| 338 |
_avolume _bnc _2rdacarrier |
||
| 500 | _aرساله جامعيه (ماجستير في المصارف الاسلاميه) - جامعة عجلون الوطنيه (عجلون ، الاردن) ، كلية ادارة الاعمال ، قسم المصارف الاسلاميه ، 2018 | ||
| 650 | 4 |
_aالبنوك الاسلاميه - الرقابة _958258 |
|
| 700 | 1 |
_aابو الهول، محي الدين يعقوب _964950 _eمشرف رئيسي |
|
| 700 | 1 |
_aالعبيني، مهند محمد _964945 _eمشرف مشارك |
|
| 942 |
_2lcc _cTHS |
||
| 999 |
_c29720 _d29720 |
||